00310nam a2200133Ia 45000030006000000080041000060400015000471000035000622450031000972500010001282600009001385460012001470050017001590STCL150530s9999 xx 000 0 und d aSTCLcSTCL aLittlefield, T.A.; Thorley, N. aAtomic and nuclear physics aThird c1979 aEnglish20220125170221.0